000 01072nas a2200325 4500
001 BR2011008306
003 BR-BrBNA
005 20231205115902.0
007 ta
008 230509b bl.|||p| |||| 00| 00por d
040 _aBR-BrBNA
_bpor
_cBiblioteca Nacional de Agricultura
041 _a(Pt)
072 _aL74
100 1 _aBiondi, F.
100 1 _aFriesen, R.
100 1 _aFarias, M.R.
100 1 _aWerner, J.
100 1 _aSilva, A.H.C. da
100 1 _aRodrigues, D.A.P.
245 1 _aSíndrome uveodermatológica em um chow-chow jovem: relato de caso e revisão de literatura
246 1 _aUveodermatologic syndrome in a young chow-chow: a case report and a review
650 _aCÃO
650 _aSÍNDROME
650 _aPELE
650 _aDISTÚRBIO FISIOLÓGICO
650 _a
773 0 _tMEDVEP. Revista Científica de Medicina Veterinária. Pequenos Animais e Animais de Estimação (Brazil)
_xISSN 1678-1430
_g(Apr-Jun 2009), v. 7(21) p. 167-171
_wBR2011008306
909 _a202311
_bLúcia
_c55
_dLúcia Elande
942 _2AGRIS
_n0
_cANA
999 _c216159
_d216159